All Honkai Star Rail Characters - 3.8 - Statistics

General Stats
  • This quiz has been taken 122 times
    121 since last reset
  • The average score is 70 of 102
Answer Stats
Answer % Correct
Herta
91%
Fire
89%
Trailblazer
89%
Dan Heng
87%
Ice
87%
Wind
87%
Himeko
85%
Imaginary
85%
Quantum
85%
Kafka
84%
Physical
84%
Welt
84%
Aventurine
82%
March 7th
82%
March 7th (The Hunt)
82%
Seele
82%
The Hunt
82%
Asta
80%
Bronya
80%
Nihility
80%
Silver Wolf
80%
The Herta
80%
Arlan
78%
Blade
78%
Boothill
78%
Firefly
78%
Lightning
78%
Phainon
78%
Anaxa
76%
Astral Express
76%
Destruction
76%
Erudition
76%
Gallagher
76%
Robin
76%
Sunday
76%
Harmony
75%
Preservation
75%
Rappa
75%
Acheron
73%
Cyrene
73%
Hyacine
73%
Jade
73%
Mydei
73%
Ruan Mei
73%
Topaz & Numby
73%
Amphoreus
71%
Castorice
71%
Jing Yuan
71%
Tribbie
71%
Abundance
69%
Aglaea
69%
Evernight
69%
Gepard
69%
Hysilens
69%
Pela
69%
Penacony
69%
Remembrance
69%
Sampo
69%
Serval
69%
Black Swan
67%
Cerydra
67%
Jingliu
67%
Sparkle
67%
Cipher
65%
Herta Space Station
65%
Misha
65%
The Dahlia
65%
Fuxuan
64%
Hook
64%
Lynx
64%
Dan Heng (Imbibitor Lunae)
62%
Dan Heng (Permansor Terrae)
62%
Fugue
62%
Luka
62%
Natasha
62%
Archer
60%
Clara
60%
Feixiao
60%
Guinaifen
60%
Yanqing
60%
Interastral Peace Corporation
58%
Luocha
58%
Moze
58%
Tingyun
58%
Bailu
56%
Dr. Ratio
56%
Lingsha
56%
Stellaron Hunters
56%
Jarilo-VI
55%
Jiaoqiu
55%
Saber
55%
Sushang
55%
Yunli
55%
Argenti
53%
Hanya
51%
Huohuo
51%
Yukong
51%
Qingque
49%
Xueyi
49%
Galaxy Rangers
47%
The Xianzhou Alliance
25%
Cosmic
9%
No matching quizzes found
Score Distribution
Percent of People with Each Score
Percentile by Number Answered
Your Score History
You have not taken this quiz since the last reset